Kỷ yếu 40 năm ngành chăn nuôi-thú y trường Đại học Cần Thơ (1974-2014)
Sách là các bài báo cáo khoa học được trình bày trong 4 tập và được trung chủ yếu với 4 chuyên đề: chăn nuôi gia súc, chăn nuôi gia cầm, thức ăn và dinh dưỡng vật nuôi và thú y.
Đã lưu trong:
| Údar Corparáideach: | |
|---|---|
| Formáid: | Leabhar |
| Teanga: | Undetermined |
| Foilsithe: |
Cần Thơ
Nxb. Đại học Cần Thơ
2014
|
| Ábhair: | |
| Clibeanna: |
Cuir Clib Leis
Gan Chlibeanna, Bí ar an gcéad duine leis an taifead seo a chlibeáil!
|
| Thư viện lưu trữ: | Trung tâm Học liệu Trường Đại học Cần Thơ |
|---|
| LEADER | 00879nam a2200181Ia 4500 | ||
|---|---|---|---|
| 001 | CTU_229814 | ||
| 008 | 210402s9999 xx 000 0 und d | ||
| 082 | |a 636.089 | ||
| 082 | |b H452 | ||
| 110 | |a Hội cưu sinh viên Đại học Cần Thơ | ||
| 245 | 0 | |a Kỷ yếu 40 năm ngành chăn nuôi-thú y trường Đại học Cần Thơ (1974-2014) | |
| 260 | |a Cần Thơ | ||
| 260 | |b Nxb. Đại học Cần Thơ | ||
| 260 | |c 2014 | ||
| 520 | |a Sách là các bài báo cáo khoa học được trình bày trong 4 tập và được trung chủ yếu với 4 chuyên đề: chăn nuôi gia súc, chăn nuôi gia cầm, thức ăn và dinh dưỡng vật nuôi và thú y. | ||
| 650 | |a Veterinary medicine,Thú y | ||
| 904 | |i Hạ Nguyên | ||
| 980 | |a Trung tâm Học liệu Trường Đại học Cần Thơ | ||